| 000 | 01359nam a22003731i 4500 | ||
|---|---|---|---|
| 001 | bslw10110476 | ||
| 003 | UtOrBLW | ||
| 005 | 20240305165701.0 | ||
| 006 | m o d | ||
| 007 | cr un ---uuuua | ||
| 008 | 231214s2022 ck ob 001 0 spa d | ||
| 020 | _a9789587915808 | ||
| 035 | _a42805 | ||
| 040 |
_aUtOrBLW _beng _erda _cUtOrBLW |
||
| 043 | _as-ck--- | ||
| 050 | 4 |
_aKHH862 _b.G84 2022 |
|
| 082 | 0 | 4 |
_a346.861023 _223 |
| 100 | 1 |
_aGüechá Medina, Ciro Nolberto, _eauthor. |
|
| 245 | 1 | 0 |
_aContratos administrativos : _bcontrol de legalidad en el procedimiento administrativo de contratación / _cCiro Nolberto Güechá Medina Ph.D, Jessica Tatiana Güechá Torres Mg. Ph.D. |
| 250 | _aCuarta edición actualizada. | ||
| 264 | 1 |
_aBogota, D.C. : _bGrupo Editorial Ibáñez, _c[2022] |
|
| 300 | _a1 online resource (535 pages) | ||
| 336 |
_atext _btxt _2rdacontent |
||
| 337 |
_acomputer _bc _2rdamedia |
||
| 338 |
_aonline resource _bcr _2rdacarrier |
||
| 504 | _aIncludes bibliographical references and index. | ||
| 650 | 0 |
_aPublic contracts _zColombia. |
|
| 650 | 0 |
_aAdministrative law _zColombia. |
|
| 700 | 1 |
_aGüechá Torres, Jessica Tatiana, _eauthor. |
|
| 856 | 4 | 0 | _uhttps://app.vlex.com/#/sources/42805 |
| 912 |
_a1993 _b12/14/2023 _m10110476 _ncha _cOE _o000000-1 _g1993 _h12/19/2023 |
||
| 911 |
_1Vlex _2Original |
||
| 942 | _cRAA | ||
| 999 |
_c173388 _d173388 |
||